Ranking dos Estados Brasileiros por PIB per capita - Statistics

Estatísticas Gerais
  • Esse quiz foi jogado 129 vezes
  • A pontuação média é 17 de 27
Estatísticas das Respostas
# Estados PIB per capita % Correto
2 São Paulo 51.364,73
98%
1 Distrito Federal 87.061,16
96%
4 Santa Catarina 48.159,24
76%
3 Mato Grosso 50.663,19
73%
7 Paraná 42.366,71
72%
6 Rio de Janeiro 43.407,55
72%
8 Rio Grande do Sul 41.227,61
72%
11 Goiás 31.506,97
70%
5 Mato Grosso do Sul 43.649,17
70%
10 Minas Gerais 32.066,73
70%
9 Espírito Santo 34.065,98
69%
18 Bahia 20.449,29
61%
15 Roraima 25.387,77
61%
13 Amazonas 27.572,96
58%
16 Pará 24.846,62
58%
12 Rondônia 28.722,45
58%
17 Amapá 21.431,53
57%
14 Tocantins 27.448,43
56%
20 Pernambuco 20.101,38
54%
21 Sergipe 19.583,07
52%
23 Acre 18.420,26
51%
22 Alagoas 18.857,69
51%
26 Piauí 17.184,70
49%
27 Maranhão 15.027,69
48%
19 Rio Grande do Norte 20.342,11
48%
24 Ceará 18.168,35
47%
25 Paraíba 17.402,13
45%
Nenhum quiz correspondente encontrado
Distribuição das Pontuações
Porcentagem de Pessoas com Cada Pontuação
Percentil de Números Respondidos
Sua Pontuação Histórica
Você não jogou esse quiz